Автоматическое управление электроприводами: учебное пособие; Ч. 2; Системы замкнутого непрерывного управления. Гл. 5; Гл. 6

Dettagli Bibliografici
Autore principale: Борисов В. А. Всеволод Александрович
Lingua:russo
Pubblicazione: Иваново, [Б. и.], 1969
Soggetti:
Natura: Libro
KOHA link:https://koha.lib.tpu.ru/cgi-bin/koha/opac-detail.pl?biblionumber=33408

MARC

LEADER 00000nam0a2200000 4500
001 33408
005 20231030214040.0
035 |a (RuTPU)RU\TPU\book\33746 
035 |a BOOK00000397 
090 |a 33408 
100 |a 20011210d1969 km y0rusy50 ca 
101 0 |a rus 
102 |a RU 
105 |a a j 000zy 
200 1 |a Автоматическое управление электроприводами  |e учебное пособие  |f В. А. Борисов  |h Ч. 2  |i Системы замкнутого непрерывного управления. Гл. 5; Гл. 6 
210 |a Иваново  |c [Б. и.]  |d 1969 
215 |a 172 с. 
610 1 |a электроприводы 
610 1 |a автоматическое управление 
610 1 |a вентильные электроприводы 
610 1 |a учебные пособия 
675 |a 621.34-52(02)  |v 3 
700 1 |a Борисов  |b В. А.  |g Всеволод Александрович 
801 0 |a RU  |b 63413507  |c 20011210  |g PSBO 
801 2 |a RU  |b 63413507  |c 20081015  |g PSBO 
900 |a Автоматизированный электропривод 
942 |c BK